| 000 | 00961nas a2200313 4500 | ||
|---|---|---|---|
| 001 | BR2020000056 | ||
| 003 | BR-BrBNA | ||
| 005 | 20231205132033.0 | ||
| 007 | ta | ||
| 008 | 230509b bl.|||p| |||| 00| 00por d | ||
| 040 |
_aBR-BrBNA _bpor _cBiblioteca Nacional de Agricultura |
||
| 041 | _a(Pt) | ||
| 072 | _aF61; F62 | ||
| 100 | 1 | _aMoschini B.P. | |
| 100 | 1 | _aCheng, N.C. | |
| 100 | 1 | _aBispo, D.F.A. | |
| 100 | 1 | _aSantos, J.L.A. | |
| 100 | 1 | _aPedrosa, C.E. | |
| 100 | 1 | _aPeche, P.M. | |
| 245 | 1 | _aCrescimento de Physalis ixocarpa L., cultivada em diferentes concentrações de potássio e ferro | |
| 650 | _aDEFICIÊNCIA NUTRICIONAL | ||
| 650 | _aFRUTO | ||
| 650 | _aSOLUÇÃO NUTRITIVA | ||
| 650 | _aNUTRIÇÃO VEGETAL | ||
| 773 | 0 |
_tAgrotrópica (Brazil) _xISSN 0103-3816 _g(May-Aug 2019), v. 31(2) p. 141-150 _wBR2020000056 |
|
| 856 | 4 | 0 | _dLink DSPACE/MAPA BR2020000056 |
| 909 |
_a202311 _bLúcia _c55 _dLúcia Elande |
||
| 942 |
_2AGRIS _n0 _cANA |
||
| 999 |
_c258110 _d258110 |
||